01927cam a22004694i 4500003000900000005001700009008004100026020001500067035002700082040003300109049000900142082001700151100005600168245005500224264007700279300003800356336002100394337002500415338002300440504002800463505028700491526001000778526001000788526001000798526001000808526000800818526000800826526000800834526000800842526000800850526000800858526000800866650002500874650002600899942001400925949012600939994001401065596000601079999015201085980005501237952016501292PE-LiUPU20250731173138.0150623s r 000 0 d a0802833934 a(Sirsi) i9780802833938 aPE-LiUPUbspacPE-LiUPUerda aPRUA04a236bB392211 aBerkouwer, G. C.,d1903-qGerrit Cornelius,eautor.14aThe return of Christ /cGerrit Cornelis Berkouwer. 1aGrand Rapids, Michigan :bWilliam B. Eerdmans Publishing Company,c1978. a477 páginas ;c22 centímetros atext2rdacontent aunmediated2rdamedia avolume2rdacarrier aIncluye bibliografía.0 aExpectation of the future. Twofold expectation?. Crisis of delay?. The meaning of the "time between". The reality of the parousia. Resurrection. The new earth. Signs of the times. The antichrist. The millennium. Israel as sign?. Visio dei. Apocatastasis?. The coming of the kingdom. aSEG42 aSEG41 aSEG40 aSEG39 aP94 aP87 aP86 aP85 aP77 aP76 aP3504aJesucristoxRealeza.04aSegundo advenimiento. 2ddccBOOK a236 B39wDEWEYc1i52364lCCODEBUL1mBULp7.00r0sYtBOOKu2015-6-24xTEOLOGIAPP350COMPRAo.STAFF. Colección General aC0bPEPRU a1 a236 B39wDEWEYc34188i52364f2021-11-10g5lCCODEBUL1mBULp7.00r0sYtBOOKu2015-6-24xTEOLOGIAPP350COMPRAo.STAFF. Colección Generald34188 81gALBERTO SANCHEZ Responsable de Automatización r2025-12-03 00:00:00i6l0o236 B39p52364te1v12.00w2015-06-24xFTyBKzinventario-2023-12-13102ddc50708GENfP35aBULbBULcGENd2015-06-24eCOMPRAg7.00